| 000 | 08746nam a22006017a 4500 | ||
|---|---|---|---|
| 005 | 20101206113148.0 | ||
| 008 | 101206t xxu||||| |||| 00| 0 hin d | ||
| 010 | _aHIN-91510 B-452058-082 | ||
| 020 |
_c350.00 _a9780070678880 |
||
| 020 |
_c350.00 _a007067888x |
||
| 035 | _aHN-63856 B-452058-082 | ||
| 037 |
_bDBAD/PUB _aरिसर्चो बुक सेंटर |
||
| 040 |
_aDPL _bHN |
||
| 082 | _a320.954 | ||
| 100 |
_924598 _aलक्ष्मीकांत, एम. |
||
| 245 |
_aभारत की राजव्यवस्थाः _cएम. लक्ष्मीकांत _bसिविल सेवा परीक्षाओं हेतु / |
||
| 246 |
_aBharat ki Rajvyastha _bby M. Laxmikant |
||
| 250 | _a3रा संस्क | ||
| 260 |
_aनई दिल्ली _bटाटा मेग्रा हील्स _c2011 |
||
| 270 |
_a7, वेस्ट पटेल नगर _bनई दिल्ली _e110008 |
||
| 300 |
_aवि.पृ. _c25सेमी (अजिल्द) |
||
| 490 |
_aटाटा मेग्रा हील्स सीरिज _944106 |
||
| 650 | _91169 | ||
| 700 | _924599 | ||
| 942 |
_2ddc _cHN _m 320.954 लक्ष्मीकां |
||
| 999 |
_c49886 _d49886 |
||